LEADER 01171nam a2200277 i 4500 001 000000041115 003 CaOOAMICUS 005 20140515000000.0 008 140515s1994 it u000 u ita u 013 $a12285 020 $a88-311-6317-8 040 $aSeMil$bita 100 1 $aMattioli, Anselmo.$0(OLS)http://semarc/name/20190 245 12$aL'inquietante mistero del male :$bidee e prospettive nella Bibbia /$cAnselmo Mattioli. 260 $aRoma :$bCittà Nuova,$ccopyr. 1994. 300 $a183 p. ;$c21 cm. 490 0 $aCollana scritturistica di Città Nuova 650 4$aMale.$0(OLS)http://semarc/subject/1418 650 4$aTeologia biblica.$0(OLS)http://semarc/subject/438 830 0$aCollana scritturistica di Città Nuova.$0(OLS)http://semarc/title/6118 850 $aSeMil 852 $aSeMil$W1$xVenegono$y1$m2Z I 282$j7270$B7270$CSeMilBibl$Z2$F7270 $81 961 $aAcquisto: Città Nuova 996 $6020$a88-311-6317-8$9(OLS)http://semarc/number/11732 996 $6245$aL'inquietante mistero del male :$bidee e prospettive nella Bibbia$9(OLS)http://semarc/title/59390 996 $6260$aRoma :$bCittà Nuova$9(OLS)http://semarc/publisher/29609 LEADER 01213nam a2200193 i 4500 001 000000216910 003 CaOOAMICUS 005 20121114000000.0 008 121114s1770 xx u000 u lat u 013 $a195806 026 $ae-in e.m- e-u- tupr (3) 1770 (R) 040 $aSeMil$bita 245 10$aTomi 1. Pars 2. 300 $aIV, 171, [1] p. 500 $aSegn. : pigreco2 A-X4 Y2. 773 0 $aAntoine, Paul-Gabriel $tTheologia moralis universa a.r.p. Paulo Gabriele Antoine, S.J., primum concinnata, dein notis & appendicibus ... amplificata a r. p. Philippo de Carboneano, demum a r. p. Bonaventura Staidel ... ad utiliorem parochorum et confessariorum usum, ... aucta ... accessionibus ... depromptis ex s. Thoma Aquin. & s. Bonaventura cardin., nec non ex ... Benedicto 14. & Clemente 13. Tomi 1. pars 1. [-Tomi 3. pars 2].$dVenetiis : Antonii Zatta, 1770.$bEditio postrema absolutissima in 6 tomos distributa, cui accedunt ... recentiores adnotationes ... nec non loca theologica ex Melchiore Cano desumpta.$g1$w()27659 850 $aSeMil 852 $aSeMil$W1$xVenegono$y1$m2E IV 27 FA$j167326$B167326$CSeMilBibl$Z2$F178118 $8I 996 $6245$aTomi 1. Pars 2$9(OLS)http://semarc/title/311788